Cartilla Impuestos de Industria Comercio Predial y Vehc̕ulos

Bibliographic Details
Main Author: Parra Ortiz, Harold Ferney
Format: eBook
Language:Spanish
Published: Bogot ̀: Editorial Nueva Legislacin̤, 2012
Subjects:
Online Access:Acceso restringido

MARC

LEADER 00000namaa22000007a 4500
005 20120928145939.0
007 cr|||| ||||
008 120928s2012 co |||||s|||| 00||0 spa d
035 |a 6732 
040 |a vLex 
090 |c 3490  |d 3490 
100 1 |a Parra Ortiz, Harold Ferney 
245 1 4 |a Cartilla Impuestos de Industria Comercio Predial y Vehc̕ulos  |h [Recurso electrn̤ico] /  |c Harold Ferney Parra Ortiz  
256 |a Servicio en ln̕ea 
260 |a Bogot ̀:  |b Editorial Nueva Legislacin̤,  |c 2012 
300 |a 1 recurso electrn̤ico 
506 1 |a Contenido solo disponible ne los productos indicados  |d vLex Global   |d vLex Global (Academic Edition, excluding Law Schools)   |d vLex Global (U.S. Academic Edition, Law Schools)   |d vLex Global (U.S. Academic Edition, excluding Law Schools)   |d vLex Global (Academic Edition, Law Schools)  
650 0 4 |a Impuestos  |z Colombia 
740 0 |a vLex Libros (Servicio en ln̕ea) 
856 4 0 |u http://vlex.com/source/cartilla-impuestos-industria-comercio-predial-vehiculos-bogota-6732  |z Acceso restringido 
942 |c BOOK 
999 0 |a Taxation